000 00350nam a2200145Ia 4500
005 20250603150001.0
008 250603s9999 xx 000 0 und d
020 _a078938230
050 _aRT 69 .A5 .K55/
100 _aKnight, John
245 0 _aUnderstanding anatomy and physiology in nursing
260 _c2023
300 _a444 p
942 _cBK
999 _c43429
_d43429